000 01146nam a22002897a 4500
003 DO-SdBNP
005 20260305073959.0
008 210721b 2018 dr a c 00| 0 eng d
020 _a9789945091298
040 _aDO-SdBNP
_bspa
_cBNPHU
082 4 _a972.93053
_bG377t 2018
_222
100 1 _aGerón, Candido,
_d1948-
_93577
245 1 0 _aTrujillo :
_bla cultura del terror /
_cCándido Gerón.
250 _a2a. ed.
260 _aSanto Domingo :
_bCentenario,
_c2018
300 _a481 p. :
_bil., fots., retrs. ;
_c24 cm.
500 _aIncluye referencias bibliográficas y notas al pie de las páginas
500 _aIncluye datos biográficos del autor en las solapas
500 _aIncluye índice onomástico
590 _aInventariado, 2021 /LP
600 1 0 _aTrujillo Molina, Rafael Leónidas,
_d 1891-1961
_976764
650 4 _aAtrocidades políticas
_zRepública Dominicana
_xHistoria
_ySiglo XX
_981045
651 0 _aRepública Dominicana
_xHistoria
_yEra de Trujillo, 1930-1961
_978796
651 4 _aRepública Dominicana
_xPolítica y gobierno
_y1930-1961
_9479
910 _aLopérez/Validado. Control de calidad MFF
942 _2ddc
_cLBS1
999 _c50154
_d50154